Úspory růst spotřeby zcela nezastaví

Očakávaný vývoj dopytu po elektrine a konečnej energetickej spotreby vo vybraných európskych krajinách v rokoch 2000-2030. Spoločné rysy vývoja. Konečná energetická spotreba. Miesto Českej republiky v medzinárodnom porovnaní. Podiel elektriny na konečnej energetickej spotrebe. Očakávané zmeny energe...

ver descrição completa

Na minha lista:
Detalhes bibliográficos
Autor principal: Vlček, Miroslav
Formato: Capítulo de Livro
Idioma:tcheco
Assuntos:
Tags: Adicionar Tag
Sem tags, seja o primeiro a adicionar uma tag!

MARC

LEADER 00000naa a2200000 4500
001 0118445
005 20221107085255.3
041 0 |a cze 
044 |a CZ 
245 1 0 |a Úspory růst spotřeby zcela nezastaví  |c Miroslav Vlček 
520 |a Očakávaný vývoj dopytu po elektrine a konečnej energetickej spotreby vo vybraných európskych krajinách v rokoch 2000-2030. Spoločné rysy vývoja. Konečná energetická spotreba. Miesto Českej republiky v medzinárodnom porovnaní. Podiel elektriny na konečnej energetickej spotrebe. Očakávané zmeny energetickej spotreby v rokoch 2000-2030. 
610 2 0 |a energetika 
610 2 0 |a trh energetický 
610 2 0 |a energia elektrická 
610 2 0 |a spotreba energie 
610 2 0 |a ponuka 
610 2 0 |a dopyt 
610 2 0 |a odvetvia činnosti ekonomickej 
610 2 0 |a Európa 
100 1 |a Vlček, Miroslav